Countries by Letter - L - Statistics

General Stats
  • This quiz has been taken 75 times
  • The average score is 7 of 9
Answer Stats
Countries % Correct
Lithuania
96%
Libya
92%
Laos
88%
Latvia
88%
Lebanon
88%
Luxembourg
88%
Liberia
86%
Lesotho
72%
Lichtenstein
48%
No matching quizzes found
Score Distribution
Percent of People with Each Score
Percentile by Number Answered
Your Score History
You have not taken this quiz